[Event "6.Torneo de Promoción Almansa B 2011"]
[Site "Almansa (Albacete)"]
[Date "2011.08.11"]
[Round "5.15"]
[White "Fernandez-Gallardo Romero, Alva"]
[Black "Ojaos Penalver, Abel"]
[Result "0-1"]
[WhiteElo "1760"]
[BlackElo "1996"]
[PlyCount "80"]
[EventDate "2011.08.09"]
[EventType "swiss"]
[EventRounds "9"]
[EventCountry "ESP"]
[Source "lmi"]
[SourceDate "2011.08.09"]

1. e4 c5 2. Nf3 d6 3. d4 cxd4 4. Nxd4 Nf6 5. Nc3 a6 6. Be2 e6 7. Be3 Be7 8. O-O
b5 9. f4 Qc7 10. a3 Bb7 11. Bf3 Nbd7 12. Qe1 Nc5 13. Qg3 g6 14. e5 Nfe4 15.
Nxe4 Nxe4 16. Bxe4 Bxe4 17. exd6 Bxd6 18. c3 O-O 19. Rae1 Rfe8 20. Nf3 Bxf3 21.
Qxf3 e5 22. f5 e4 23. Qh3 Re5 24. Bd4 Bc5 25. Qg3 Qd6 26. Bxc5 Qxc5+ 27. Qe3
Qxe3+ 28. Rxe3 gxf5 29. Rg3+ Kf8 30. Rg5 Rd8 31. Rgxf5 Rxf5 32. Rxf5 e3 33. Kf1
Rd2 34. Rf6 Rxb2 35. Rxa6 Rf2+ 36. Kg1 Rf5 37. Ra8+ Ke7 38. Ra7+ Kd6 39. Ra8 e2
40. Rd8+ Kc7 0-1

[Event "6.Torneo de Promoción Almansa B 2011"]
[Site "Almansa (Albacete)"]
[Date "2011.08.12"]
[Round "6.1"]
[White "Perez Garcia, Jose Miguel"]
[Black "Gonzalez Lopez, Julian"]
[Result "1-0"]
[WhiteElo "1996"]
[BlackElo "1948"]
[PlyCount "43"]
[EventDate "2011.08.09"]
[EventType "swiss"]
[EventRounds "9"]
[EventCountry "ESP"]
[Source "lmi"]
[SourceDate "2011.08.09"]

1. d4 f5 2. e4 fxe4 3. Nc3 Nf6 4. Bg5 e6 5. Nxe4 Be7 6. Bxf6 Bxf6 7. Nf3 b6 8.
Bd3 Ba6 9. Bxa6 Nxa6 10. c3 Qe7 11. O-O O-O 12. Qd3 Nb8 13. d5 d6 14. dxe6 Qxe6
15. Rfe1 Qf7 16. Neg5 Bxg5 17. Nxg5 Qxf2+ 18. Kh1 Qf5 19. Qxf5 Rxf5 20. Re8+
Rf8 21. Rxf8+ Kxf8 22. Ne6+ 1-0

[Event "6.Torneo de Promoción Almansa B 2011"]
[Site "Almansa (Albacete)"]
[Date "2011.08.12"]
[Round "6.2"]
[White "Gomez Salinas, Nestor"]
[Black "Tonus, Alex"]
[Result "1/2-1/2"]
[WhiteElo "1912"]
[BlackElo "1993"]
[PlyCount "78"]
[EventDate "2011.08.09"]
[EventType "swiss"]
[EventRounds "9"]
[EventCountry "ESP"]
[Source "lmi"]
[SourceDate "2011.08.09"]

1. e4 c5 2. Nf3 d6 3. d4 cxd4 4. Nxd4 Nf6 5. Nc3 a6 6. Be3 e5 7. Nb3 Be6 8. f3
Be7 9. Qd2 O-O 10. O-O-O Nbd7 11. g4 b5 12. g5 b4 13. Ne2 Ne8 14. f4 a5 15. f5
Bxb3 16. cxb3 a4 17. bxa4 Rxa4 18. b3 Ra5 19. Kb1 Qa8 20. Ng3 Kh8 21. Bc4 Nc5
22. Qg2 Qc8 23. g6 Na4 24. Bd2 Nb6 25. Bxf7 Rxa2 26. Rc1 Qa8 27. Qh3 Nf6 28.
Bxb4 Ra1+ 29. Kc2 Rc8+ 30. Bc3 Qa2+ 31. Kd3 Rxc1 32. Rxc1 d5 33. exd5 Qxb3 34.
d6 Qb5+ 35. Kd2 Bxd6 36. Qf1 Qc5 37. Qf3 Rd8 38. Ke2 Qb5+ 39. Kf2 Bc5+ 1/2-1/2

[Event "6.Torneo de Promoción Almansa B 2011"]
[Site "Almansa (Albacete)"]
[Date "2011.08.12"]
[Round "6.3"]
[White "Talavera Garcia, Santiago"]
[Black "Diaz Rios, Ignacio Jose"]
[Result "1/2-1/2"]
[WhiteElo "1986"]
[BlackElo "1930"]
[PlyCount "53"]
[EventDate "2011.08.09"]
[EventType "swiss"]
[EventRounds "9"]
[EventCountry "ESP"]
[Source "lmi"]
[SourceDate "2011.08.09"]

1. g3 g6 2. Bg2 Bg7 3. Nf3 Nf6 4. O-O O-O 5. d3 c5 6. c4 Na6 7. Nc3 Rb8 8. Nb5
Qb6 9. Bf4 d6 10. Qd2 Nc7 11. Nc3 Ne6 12. Be3 Bd7 13. Rab1 a5 14. Ng5 Nxg5 15.
Bxg5 Bc6 16. Bh6 Bxg2 17. Bxg7 Bxf1 18. Bxf8 Rxf8 19. Rxf1 Qc6 20. Qe3 Re8 21.
Rd1 e5 22. Qg5 d5 23. cxd5 Nxd5 24. Rc1 Nxc3 25. Rxc3 b6 26. Rc4 e4 27. Rxe4
1/2-1/2

[Event "6.Torneo de Promoción Almansa B 2011"]
[Site "Almansa (Albacete)"]
[Date "2011.08.12"]
[Round "6.4"]
[White "Castillo Pla, Emilio"]
[Black "Sanchez Sanchez, Alberto"]
[Result "1-0"]
[WhiteElo "1918"]
[BlackElo "1983"]
[PlyCount "71"]
[EventDate "2011.08.09"]
[EventType "swiss"]
[EventRounds "9"]
[EventCountry "ESP"]
[Source "lmi"]
[SourceDate "2011.08.09"]

1. e4 c5 2. c3 b6 3. d4 Bb7 4. Bd3 Nf6 5. Nd2 cxd4 6. cxd4 Nc6 7. Ne2 e6 8. a3
d6 9. O-O Be7 10. h3 Rc8 11. b4 O-O 12. Bb2 Nd7 13. f4 Bf6 14. Nf3 g6 15. Qd2
Ne7 16. Rad1 d5 17. e5 Bg7 18. g4 f5 19. Ng5 Qe8 20. Nxe6 Rf7 21. Ng5 Rf8 22.
Ng3 fxg4 23. hxg4 Bh6 24. Ne6 Rf7 25. Qh2 Bf8 26. Nxf8 Nxf8 27. f5 Qa4 28. e6
Rf6 29. g5 Rxf5 30. Nxf5 Nxf5 31. Rde1 Ng7 32. e7 Nfe6 33. Qd6 Qb3 34. Rxe6 Ne8
35. Rf8+ Kg7 36. Qe5+ 1-0

[Event "6.Torneo de Promoción Almansa B 2011"]
[Site "Almansa (Albacete)"]
[Date "2011.08.12"]
[Round "6.5"]
[White "Villaescusa Navalon, Miguel"]
[Black "Martinez Hernandez, Javier"]
[Result "0-1"]
[WhiteElo "1898"]
[BlackElo "1972"]
[PlyCount "66"]
[EventDate "2011.08.09"]
[EventType "swiss"]
[EventRounds "9"]
[EventCountry "ESP"]
[Source "lmi"]
[SourceDate "2011.08.09"]

1. e4 e5 2. Nf3 Nc6 3. Bc4 Nf6 4. d3 Be7 5. O-O O-O 6. c3 d6 7. h3 Be6 8. Bxe6
fxe6 9. Re1 Qd7 10. Qb3 Nh5 11. d4 Rxf3 12. gxf3 exd4 13. f4 d5 14. Qd1 g6 15.
cxd4 dxe4 16. Nc3 Nxd4 17. Rxe4 c5 18. Be3 Rd8 19. f3 e5 20. Kg2 exf4 21. Bxd4
cxd4 22. Qb3+ Kg7 23. Rae1 Bh4 24. Rd1 Qf5 25. Ne2 Qg5+ 26. Kf1 Ng3+ 27. Nxg3
Qxg3 28. Qxb7+ Kh6 29. Re2 Qxh3+ 30. Rg2 Re8 31. Qf7 Qxf3+ 32. Kg1 Qxd1+ 33.
Kh2 Bg3+ 0-1

[Event "6.Torneo de Promoción Almansa B 2011"]
[Site "Almansa (Albacete)"]
[Date "2011.08.12"]
[Round "6.6"]
[White "Borja Perez, Jose"]
[Black "Guillen Beltran, Juan"]
[Result "1/2-1/2"]
[WhiteElo "1965"]
[BlackElo "1714"]
[PlyCount "91"]
[EventDate "2011.08.09"]
[EventType "swiss"]
[EventRounds "9"]
[EventCountry "ESP"]
[Source "lmi"]
[SourceDate "2011.08.09"]

1. d4 d5 2. Bf4 Bf5 3. Nf3 Nf6 4. e3 e6 5. Nbd2 Bd6 6. Ne5 Ne4 7. Nxe4 Bxe4 8.
f3 Bg6 9. Bb5+ c6 10. Bd3 Bxd3 11. Nxd3 Bxf4 12. Nxf4 Nd7 13. O-O O-O 14. Nd3
Qc7 15. f4 f6 16. Qg4 Rae8 17. Rae1 Qd6 18. Qg3 c5 19. c3 Qb6 20. b4 cxb4 21.
cxb4 Qa6 22. Nc5 Nxc5 23. bxc5 b6 24. cxb6 axb6 25. Rb1 Rc8 26. Qg4 Rc6 27. Rb2
Rfc8 28. Qe2 Qxe2 29. Rxe2 Rc2 30. Rfe1 Kf7 31. Kf2 e5 32. fxe5 fxe5 33. Rxc2
Rxc2+ 34. Re2 Rxe2+ 35. Kxe2 exd4 36. exd4 Kf6 37. a4 Kf5 38. Kf3 h5 39. h4 g6
40. g3 g5 41. hxg5 Kxg5 42. Ke3 Kg4 43. Kf2 h4 44. gxh4 Kxh4 45. Kf3 Kg5 46.
Kg3 1/2-1/2

[Event "6.Torneo de Promoción Almansa B 2011"]
[Site "Almansa (Albacete)"]
[Date "2011.08.12"]
[Round "6.7"]
[White "Navarro Molina, Carmelo Jose"]
[Black "Alcaraz Cordoba, Sergio"]
[Result "0-1"]
[WhiteElo "1864"]
[BlackElo "1959"]
[PlyCount "96"]
[EventDate "2011.08.09"]
[EventType "swiss"]
[EventRounds "9"]
[EventCountry "ESP"]
[Source "lmi"]
[SourceDate "2011.08.09"]

1. d4 d5 2. c4 e6 3. Nf3 c6 4. Qc2 Nf6 5. g3 Nbd7 6. Nbd2 Be7 7. Bg2 O-O 8. O-O
Re8 9. b3 b6 10. e4 dxe4 11. Nxe4 Bb7 12. Bb2 Qc7 13. Ne5 c5 14. Nxd7 Qxd7 15.
Nxf6+ Bxf6 16. Bxb7 Qxb7 17. dxc5 Bxb2 18. Qxb2 bxc5 19. Qe5 Qb6 20. Rfd1 Rad8
21. h4 Qa5 22. h5 Rxd1+ 23. Rxd1 Qxa2 24. Qg5 h6 25. Qxc5 Qxb3 26. Rd7 Qb1+ 27.
Kg2 Qe4+ 28. Kg1 Rb8 29. Rd1 Qf3 30. Rc1 a6 31. Qd4 Rc8 32. Qb6 Qc6 33. Qa7 Ra8
34. Qe3 a5 35. g4 Rc8 36. c5 Qd5 37. Qa3 Qg5 38. Rc4 Qd5 39. Qc1 Rc6 40. Qc2 f5
41. gxf5 Qxf5 42. Qa2 Qxh5 43. Qxa5 Qd1+ 44. Kg2 Qd5+ 45. Kg1 e5 46. Qc3 Rg6+
47. Kf1 Qd1+ 48. Qe1 Rg1+ 0-1

[Event "6.Torneo de Promoción Almansa B 2011"]
[Site "Almansa (Albacete)"]
[Date "2011.08.12"]
[Round "6.8"]
[White "Moreno Brocalero, Edgar"]
[Black "Ojaos Penalver, Abel"]
[Result "1-0"]
[WhiteElo "1794"]
[BlackElo "1996"]
[PlyCount "51"]
[EventDate "2011.08.09"]
[EventType "swiss"]
[EventRounds "9"]
[EventCountry "ESP"]
[Source "lmi"]
[SourceDate "2011.08.09"]

1. e4 c5 2. Nf3 a6 3. Bc4 e6 4. d3 d5 5. exd5 exd5 6. Bb3 Nf6 7. O-O Be7 8. h3
Qc7 9. c3 O-O 10. Bg5 Rd8 11. Re1 h6 12. Bh4 Bf5 13. d4 c4 14. Bc2 Bxc2 15.
Qxc2 Nc6 16. Nbd2 b5 17. Nf1 Na5 18. Ne3 Nb7 19. Re2 g5 20. Bg3 Qc8 21. Nf5 Bf8
22. Nd2 Ne4 23. Ne3 Nxg3 24. fxg3 Re8 25. Rf1 Qe6 26. Ng4 1-0

[Event "6.Torneo de Promoción Almansa B 2011"]
[Site "Almansa (Albacete)"]
[Date "2011.08.12"]
[Round "6.9"]
[White "Padilla Mendez, Vicente"]
[Black "Boj Marques, Javier"]
[Result "0-1"]
[WhiteElo "1785"]
[BlackElo "1968"]
[PlyCount "74"]
[EventDate "2011.08.09"]
[EventType "swiss"]
[EventRounds "9"]
[EventCountry "ESP"]
[Source "lmi"]
[SourceDate "2011.08.09"]

1. d4 d5 2. c4 e6 3. Nc3 Nf6 4. Nf3 Nbd7 5. e3 Be7 6. Qc2 c6 7. Bd2 O-O 8. Rc1
Re8 9. Bd3 Bd6 10. O-O dxc4 11. Bxc4 b5 12. Bd3 Bb7 13. h3 a6 14. Ng5 h6 15.
Nge4 Bf8 16. Nxf6+ Nxf6 17. Ne4 Nxe4 18. Bxe4 a5 19. Rfd1 Qb6 20. Be1 Rac8 21.
Qe2 b4 22. Bb1 Red8 23. b3 g6 24. h4 h5 25. g4 hxg4 26. Qxg4 Bg7 27. h5 gxh5
28. Qxh5 Rd5 29. Qg4 Kf8 30. Be4 Rd7 31. Qg5 f5 32. Bf3 Rf7 33. Bh5 Bf6 34.
Qh6+ Rg7+ 35. Kf1 Ke7 36. Rc5 Rcg8 37. Ke2 Bg5 0-1

[Event "6.Torneo de Promoción Almansa B 2011"]
[Site "Almansa (Albacete)"]
[Date "2011.08.12"]
[Round "6.10"]
[White "Martinez Escandell, Alfonso"]
[Black "Rebelles Caceres, Jose Antonio"]
[Result "1-0"]
[WhiteElo "1964"]
[BlackElo "1837"]
[PlyCount "39"]
[EventDate "2011.08.09"]
[EventType "swiss"]
[EventRounds "9"]
[EventCountry "ESP"]
[Source "lmi"]
[SourceDate "2011.08.09"]

1. d4 d5 2. c4 c6 3. Nc3 Nf6 4. Nf3 dxc4 5. e3 Bf5 6. Bxc4 e6 7. O-O Bd6 8. Re1
Be4 9. Ng5 Bg6 10. e4 Be7 11. d5 Nxd5 12. exd5 Bxg5 13. Bxg5 Qxg5 14. dxe6 O-O
15. exf7+ Bxf7 16. Bxf7+ Kxf7 17. Qb3+ Kg6 18. Re6+ Kh5 19. Ne4 Qd5 20. Qh3#
1-0

[Event "6.Torneo de Promoción Almansa B 2011"]
[Site "Almansa (Albacete)"]
[Date "2011.08.12"]
[Round "6.11"]
[White "Mateu Torres, Jose Ramon"]
[Black "Montiel Miguelez, Manuel"]
[Result "0-1"]
[WhiteElo "1777"]
[BlackElo "1937"]
[PlyCount "44"]
[EventDate "2011.08.09"]
[EventType "swiss"]
[EventRounds "9"]
[EventCountry "ESP"]
[Source "lmi"]
[SourceDate "2011.08.09"]

1. e4 c5 2. Nf3 d6 3. d4 cxd4 4. Nxd4 Nf6 5. Nc3 a6 6. Be2 e6 7. Be3 Nbd7 8. f4
Qc7 9. Bf3 Rb8 10. g4 h6 11. Qe2 b5 12. a3 Bb7 13. g5 hxg5 14. fxg5 Ng8 15. g6
Ngf6 16. gxf7+ Kxf7 17. Rf1 Ne5 18. Bg4 Bc8 19. Rf2 Nexg4 20. Qxg4 e5 21. Nf5
Nxg4 22. Nxd6+ Ke6 0-1

[Event "6.Torneo de Promoción Almansa B 2011"]
[Site "Almansa (Albacete)"]
[Date "2011.08.12"]
[Round "6.12"]
[White "Martin Lozano, Alvaro"]
[Black "Fernandez Cano, Victor"]
[Result "1/2-1/2"]
[WhiteElo "1907"]
[BlackElo "1766"]
[PlyCount "57"]
[EventDate "2011.08.09"]
[EventType "swiss"]
[EventRounds "9"]
[EventCountry "ESP"]
[Source "lmi"]
[SourceDate "2011.08.09"]

1. e4 c5 2. c4 Nc6 3. Nc3 g6 4. g3 Bg7 5. Bg2 d6 6. Nge2 f5 7. d3 Nf6 8. f4 O-O
9. O-O a6 10. Rb1 Rb8 11. h3 Bd7 12. a4 Qc8 13. Kh2 Be6 14. Nd5 Bxd5 15. exd5
Nb4 16. Nc3 e6 17. dxe6 Qxe6 18. Re1 Qd7 19. Be3 Rfe8 20. Re2 b6 21. d4 Rxe3
22. Rxe3 cxd4 23. Rf3 dxc3 24. bxc3 Nc6 25. Rd3 Bf8 26. c5 b5 27. cxd6 Kg7 28.
axb5 axb5 29. Ra1 1/2-1/2

[Event "6.Torneo de Promoción Almansa B 2011"]
[Site "Almansa (Albacete)"]
[Date "2011.08.12"]
[Round "6.13"]
[White "Ontanon Gomez, Jesus"]
[Black "Gonzalez Del Valls, Javier"]
[Result "1-0"]
[WhiteElo "1892"]
[BlackElo "1726"]
[PlyCount "75"]
[EventDate "2011.08.09"]
[EventType "swiss"]
[EventRounds "9"]
[EventCountry "ESP"]
[Source "lmi"]
[SourceDate "2011.08.09"]

1. e4 c5 2. Nf3 d6 3. d4 cxd4 4. Nxd4 Nf6 5. Nc3 a6 6. f3 e6 7. Be3 b5 8. Qd2
Nbd7 9. O-O-O Bb7 10. Nb3 d5 11. exd5 Nxd5 12. Nxd5 Bxd5 13. Bd3 Ne5 14. Kb1
Bxb3 15. axb3 Nxd3 16. Qxd3 Qxd3 17. Rxd3 Rd8 18. Rhd1 Rxd3 19. Rxd3 Ke7 20.
Rc3 Kd7 21. Bf4 f6 22. Rc7+ Kd8 23. Ra7 e5 24. Be3 b4 25. Rxa6 Kd7 26. Ra8 Ke6
27. Bc5 Kf7 28. Bxb4 h6 29. Rxf8+ Rxf8 30. Bxf8 Kxf8 31. c4 Ke7 32. b4 f5 33.
Kc2 Kd6 34. Kd3 g5 35. g4 e4+ 36. fxe4 fxg4 37. Ke3 h5 38. b5 1-0

[Event "6.Torneo de Promoción Almansa B 2011"]
[Site "Almansa (Albacete)"]
[Date "2011.08.12"]
[Round "6.14"]
[White "Moreno Brocalero, Jorge"]
[Black "Bernabeu Lopez, Carlos Javier"]
[Result "1/2-1/2"]
[WhiteElo "1886"]
[BlackElo "1760"]
[PlyCount "82"]
[EventDate "2011.08.09"]
[EventType "swiss"]
[EventRounds "9"]
[EventCountry "ESP"]
[Source "lmi"]
[SourceDate "2011.08.09"]

1. e4 e5 2. Nf3 Nf6 3. Nxe5 Nxe4 4. Qe2 Qe7 5. Qxe4 d6 6. d4 dxe5 7. Qxe5 Qxe5+
8. dxe5 Bf5 9. c3 Nd7 10. f4 Bc5 11. Nd2 O-O-O 12. Nb3 Bb6 13. Nd4 Be4 14. Kf2
f6 15. e6 Bxd4+ 16. cxd4 Nb6 17. Be3 Rhe8 18. Be2 Rxe6 19. Rhe1 f5 20. g4 Kb8
21. gxf5 Bxf5 22. Bf3 Nc4 23. b3 Nb2 24. Be2 Rde8 25. Bf1 Bd3 26. d5 R6e7 27.
Bd4 Rxe1 28. Rxe1 Rxe1 29. Kxe1 Bxf1 30. Bxb2 Bg2 31. Kf2 Bxd5 32. Bxg7 Kc8 33.
Ke3 Kd7 34. Kd4 c6 35. Ke5 Ke7 36. Bh6 a5 37. Bg5+ Kf7 38. Bd8 a4 39. bxa4 Bxa2
40. a5 Bd5 41. Kd6 Bf3 1/2-1/2

[Event "6.Torneo de Promoción Almansa B 2011"]
[Site "Almansa (Albacete)"]
[Date "2011.08.12"]
[Round "6.15"]
[White "Ribera Cebolla, Marc"]
[Black "Ortega Morales, Pedro"]
[Result "0-1"]
[WhiteElo "1726"]
[BlackElo "1865"]
[PlyCount "66"]
[EventDate "2011.08.09"]
[EventType "swiss"]
[EventRounds "9"]
[EventCountry "ESP"]
[Source "lmi"]
[SourceDate "2011.08.09"]

1. e4 e5 2. Nf3 Nc6 3. Bc4 Bc5 4. O-O Nf6 5. d4 Bxd4 6. Nxd4 Nxd4 7. Bg5 h6 8.
Bh4 d6 9. f4 Be6 10. fxe5 dxe5 11. Bxe6 Nxe6 12. Bxf6 Qxd1 13. Rxd1 gxf6 14.
Nc3 c6 15. Ne2 Ke7 16. Ng3 Ng7 17. Kf2 Rhd8 18. Ke3 Rxd1 19. Rxd1 Rd8 20. Rf1
Rg8 21. b4 b5 22. a4 a6 23. Kd3 Rd8+ 24. Kc3 Rd4 25. axb5 axb5 26. Ra1 h5 27.
h4 f5 28. exf5 Rg4 29. f6+ Kxf6 30. Rf1+ Ke6 31. Rf3 f5 32. Kb3 Rxh4 33. c3 Rg4
0-1

[Event "6.Torneo de Promoción Almansa B 2011"]
[Site "Almansa (Albacete)"]
[Date "2011.08.12"]
[Round "7.1"]
[White "Martinez Hernandez, Javier"]
[Black "Perez Garcia, Jose Miguel"]
[Result "1-0"]
[WhiteElo "1972"]
[BlackElo "1996"]
[PlyCount "123"]
[EventDate "2011.08.09"]
[EventType "swiss"]
[EventRounds "9"]
[EventCountry "ESP"]
[Source "lmi"]
[SourceDate "2011.08.09"]

1. e4 c5 2. d3 Nc6 3. Nf3 g6 4. g3 Bg7 5. Bg2 d5 6. exd5 Qxd5 7. O-O Qd8 8.
Nbd2 Nf6 9. Re1 O-O 10. Nc4 Nd5 11. Nce5 Nxe5 12. Nxe5 e6 13. a3 Qc7 14. Qe2
Bxe5 15. Qxe5 Qxe5 16. Rxe5 f6 17. Re1 Kf7 18. c4 Nb6 19. Be3 Nd7 20. b4 cxb4
21. axb4 Rd8 22. f4 a6 23. d4 Rb8 24. c5 Nf8 25. Red1 Bd7 26. Kf2 f5 27. d5
exd5 28. Rxd5 Ne6 29. Rd6 Bb5 30. Rb6 Nd4 31. Bxd4 Rxd4 32. Rxb7+ Rxb7 33. Bxb7
Rd2+ 34. Kg1 Rb2 35. Rc1 Rxb4 36. c6 Bxc6 37. Bxc6 Rb6 38. Bd5+ Ke7 39. Rc7+
Kd6 40. Rb7 Rxb7 41. Bxb7 a5 42. Bf3 a4 43. Bd1 a3 44. Bb3 Kc5 45. Kf2 Kd4 46.
h3 Kc3 47. Be6 Kd2 48. g4 h6 49. gxf5 gxf5 50. h4 h5 51. Bd5 Kd3 52. Kf3 Kd2
53. Be6 Ke1 54. Ke3 Kf1 55. Kd4 Kg2 56. Ke5 Kg3 57. Kxf5 Kxh4 58. Ke5 Kg3 59.
f5 h4 60. f6 h3 61. f7 h2 62. f8=Q 1-0

[Event "6.Torneo de Promoción Almansa B 2011"]
[Site "Almansa (Albacete)"]
[Date "2011.08.12"]
[Round "7.2"]
[White "Alcaraz Cordoba, Sergio"]
[Black "Castillo Pla, Emilio"]
[Result "0-1"]
[WhiteElo "1959"]
[BlackElo "1918"]
[PlyCount "70"]
[EventDate "2011.08.09"]
[EventType "swiss"]
[EventRounds "9"]
[EventCountry "ESP"]
[Source "lmi"]
[SourceDate "2011.08.09"]

1. e4 g6 2. Nc3 Bg7 3. g3 c5 4. Bg2 Nc6 5. d3 d6 6. f4 e6 7. Nf3 Nge7 8. h4 h5
9. Be3 Nd4 10. Qd2 Nec6 11. O-O O-O 12. Nd1 Nxf3+ 13. Bxf3 Bd7 14. c3 Rc8 15.
a4 b6 16. Qf2 Qe8 17. Rb1 Ne7 18. b3 d5 19. a5 f5 20. axb6 axb6 21. e5 Nc6 22.
b4 d4 23. Bxc6 dxe3 24. Qxe3 Rxc6 25. bxc5 bxc5 26. Nb2 Qe7 27. Nc4 Rfc8 28.
Nd6 Rxd6 29. exd6 Qxd6 30. Rb3 e5 31. Kh2 Re8 32. c4 exf4 33. Qxf4 Re2+ 34. Kh3
Be5 35. Qg5 f4+ 0-1

[Event "6.Torneo de Promoción Almansa B 2011"]
[Site "Almansa (Albacete)"]
[Date "2011.08.12"]
[Round "7.3"]
[White "Gonzalez Lopez, Julian"]
[Black "Moreno Brocalero, Edgar"]
[Result "1-0"]
[WhiteElo "1948"]
[BlackElo "1794"]
[PlyCount "91"]
[EventDate "2011.08.09"]
[EventType "swiss"]
[EventRounds "9"]
[EventCountry "ESP"]
[Source "lmi"]
[SourceDate "2011.08.09"]

1. d4 e6 2. c4 d5 3. Nc3 Nf6 4. Bg5 Be7 5. Nf3 b6 6. e3 Bb7 7. Bd3 Nbd7 8. O-O
O-O 9. Rc1 c5 10. a3 Ba6 11. cxd5 Bxd3 12. Qxd3 exd5 13. Ne5 cxd4 14. exd4 Nxe5
15. dxe5 Ng4 16. Bxe7 Qxe7 17. Rfe1 Qh4 18. Qg3 Qxg3 19. hxg3 Rfd8 20. f3 Nh6
21. Red1 Nf5 22. Kf2 Ne7 23. Nb5 Rd7 24. Nc7 Rad8 25. e6 fxe6 26. Nxe6 Re8 27.
Nd4 Ng6 28. Rd2 Kf7 29. Rcd1 Ne7 30. Re1 Ng6 31. Rxe8 Kxe8 32. f4 Ke7 33. Ke3
Kd6 34. Kd3 Ne7 35. Re2 Rb7 36. b4 h5 37. Re5 g6 38. Nb5+ Kc6 39. a4 a6 40.
Re6+ Kd7 41. Rd6+ Kc8 42. Nd4 Kc7 43. Re6 Kd7 44. b5 axb5 45. axb5 Ra7 46.
Rxe7+ 1-0

[Event "6.Torneo de Promoción Almansa B 2011"]
[Site "Almansa (Albacete)"]
[Date "2011.08.12"]
[Round "7.4"]
[White "Tonus, Alex"]
[Black "Montiel Miguelez, Manuel"]
[Result "0-1"]
[WhiteElo "1993"]
[BlackElo "1937"]
[PlyCount "74"]
[EventDate "2011.08.09"]
[EventType "swiss"]
[EventRounds "9"]
[EventCountry "ESP"]
[Source "lmi"]
[SourceDate "2011.08.09"]

1. e4 c5 2. Nf3 d6 3. d4 cxd4 4. Nxd4 Nf6 5. Nc3 a6 6. Bg5 e6 7. f4 Nbd7 8. Qf3
Qc7 9. O-O-O b5 10. e5 Bb7 11. Qh3 dxe5 12. Nxe6 fxe6 13. Qxe6+ Be7 14. Nxb5
axb5 15. Bxb5 Bd5 16. Rxd5 Nxd5 17. Qxd5 Rc8 18. c3 Bxg5 19. fxg5 Ke7 20. Bxd7
Qxd7 21. Qxe5+ Kf8 22. Rd1 Qf7 23. Qa5 Re8 24. Qb5 Qf4+ 25. Kb1 Qe4+ 26. Kc1 g6
27. Qc5+ Kg7 28. Rd7+ Kg8 29. Qc7 Qe5 30. Qb7 Qxg5+ 31. Kc2 Qe5 32. Rd4 Re7 33.
Qc6 Kg7 34. a4 Rf8 35. Rd7 Qf5+ 36. Rd3 Rd8 37. Qc4 Red7 0-1

[Event "6.Torneo de Promoción Almansa B 2011"]
[Site "Almansa (Albacete)"]
[Date "2011.08.12"]
[Round "7.5"]
[White "Ortega Morales, Pedro"]
[Black "Talavera Garcia, Santiago"]
[Result "1/2-1/2"]
[WhiteElo "1865"]
[BlackElo "1986"]
[PlyCount "82"]
[EventDate "2011.08.09"]
[EventType "swiss"]
[EventRounds "9"]
[EventCountry "ESP"]
[Source "lmi"]
[SourceDate "2011.08.09"]

1. d4 Nf6 2. Bf4 g6 3. e3 Bg7 4. Nf3 O-O 5. Be2 c5 6. c3 cxd4 7. exd4 Qb6 8.
Qb3 Qxb3 9. axb3 d6 10. O-O Nc6 11. h3 b6 12. b4 Bb7 13. Nbd2 a6 14. b5 axb5
15. Bxb5 Nd5 16. Bg3 Nc7 17. Bd3 b5 18. Be4 Rxa1 19. Rxa1 Ra8 20. Rxa8+ Bxa8
21. Kf1 b4 22. Ke2 Nd8 23. Bxa8 Nxa8 24. Kd3 bxc3 25. bxc3 d5 26. Nb3 Ne6 27.
Ne5 Bxe5 28. Bxe5 f6 29. Bh2 Nb6 30. Na5 Kf7 31. c4 dxc4+ 32. Nxc4 Nxc4 33.
Kxc4 Ke8 34. d5 Ng5 35. f3 Kd7 36. Bg1 Nf7 37. Bf2 Nd6+ 38. Kc5 Nf5 39. g4 Nd6
40. Bg3 Nf7 41. h4 h6 1/2-1/2

[Event "6.Torneo de Promoción Almansa B 2011"]
[Site "Almansa (Albacete)"]
[Date "2011.08.12"]
[Round "7.6"]
[White "Boj Marques, Javier"]
[Black "Gomez Salinas, Nestor"]
[Result "1-0"]
[WhiteElo "1968"]
[BlackElo "1912"]
[PlyCount "71"]
[EventDate "2011.08.09"]
[EventType "swiss"]
[EventRounds "9"]
[EventCountry "ESP"]
[Source "lmi"]
[SourceDate "2011.08.09"]

1. e4 c5 2. Nf3 d6 3. d4 cxd4 4. Nxd4 Nf6 5. Nc3 a6 6. f3 e5 7. Nb3 Be6 8. Be3
Be7 9. Nd5 Bxd5 10. exd5 b5 11. Qd2 Nbd7 12. a4 b4 13. a5 Nc5 14. Bc4 Qb8 15.
O-O O-O 16. Rfd1 Rd8 17. h3 Nfd7 18. Bf2 Nxb3 19. cxb3 Nc5 20. Kh1 Qb7 21. Qe2
Rdc8 22. Be3 Bh4 23. Bxc5 Rxc5 24. Ra4 Bd8 25. Rda1 Bf6 26. Bd3 g6 27. Bc4 Bd8
28. Qd2 Rb8 29. f4 Bf6 30. fxe5 Bxe5 31. Qf2 f6 32. Re1 Rbc8 33. Re4 R5c7 34.
Qd2 Rc5 35. Bf1 Qxd5 36. Bc4 1-0

[Event "6.Torneo de Promoción Almansa B 2011"]
[Site "Almansa (Albacete)"]
[Date "2011.08.12"]
[Round "7.7"]
[White "Diaz Rios, Ignacio Jose"]
[Black "Borja Perez, Jose"]
[Result "1-0"]
[WhiteElo "1930"]
[BlackElo "1965"]
[PlyCount "69"]
[EventDate "2011.08.09"]
[EventType "swiss"]
[EventRounds "9"]
[EventCountry "ESP"]
[Source "lmi"]
[SourceDate "2011.08.09"]

1. e4 c5 2. Nf3 d6 3. d4 cxd4 4. Nxd4 Nf6 5. Nc3 g6 6. Be3 Bg7 7. Bc4 O-O 8. f3
Nc6 9. Qd2 Bd7 10. O-O-O Rc8 11. Bd3 Ne5 12. h4 h5 13. Kb1 Nc4 14. Bxc4 Rxc4
15. Nd5 Nxd5 16. exd5 f5 17. c3 Kh7 18. Rhe1 b5 19. Bg5 Re8 20. Ne6 Bxe6 21.
Rxe6 b4 22. cxb4 Rd4 23. Qc2 Qb6 24. Rxd4 Qxd4 25. Qd2 Qc4 26. a3 a5 27. bxa5
Rb8 28. Rxe7 Qf1+ 29. Ka2 Qc4+ 30. Ka1 Qf1+ 31. Qc1 Qd3 32. Bf6 Rg8 33. Bxg7
Rxg7 34. Rxg7+ Kxg7 35. Qc3+ 1-0

[Event "6.Torneo de Promoción Almansa B 2011"]
[Site "Almansa (Albacete)"]
[Date "2011.08.12"]
[Round "7.8"]
[White "Garcia Ruano, Juan Carlos"]
[Black "Ontanon Gomez, Jesus"]
[Result "1-0"]
[WhiteElo "1965"]
[BlackElo "1892"]
[PlyCount "129"]
[EventDate "2011.08.09"]
[EventType "swiss"]
[EventRounds "9"]
[EventCountry "ESP"]
[Source "lmi"]
[SourceDate "2011.08.09"]

1. d4 c5 2. Nf3 cxd4 3. Nxd4 Nc6 4. g3 g6 5. Bg2 Bg7 6. c3 Nf6 7. O-O O-O 8.
Nd2 a6 9. e4 Rb8 10. N2b3 Nxd4 11. cxd4 d5 12. e5 Ne8 13. Bg5 f6 14. exf6 exf6
15. Bf4 Ra8 16. Rc1 b6 17. Qc2 Be6 18. Qc6 Bf7 19. Rfe1 Ra7 20. Bd2 a5 21. Qc8
Nd6 22. Qxd8 Rxd8 23. Rc6 Nc4 24. Bc3 Kf8 25. Nd2 Nxd2 26. Bxd2 b5 27. Rc5 b4
28. Rxa5 Rb7 29. Ra4 Rdb8 30. Bf4 Rd8 31. b3 h6 32. Rc1 g5 33. Bd2 Rdb8 34. Rc5
f5 35. Bxd5 Bxd4 36. Bxb7 Bxc5 37. Bc6 Rc8 38. Bf3 Be8 39. Ra5 Kg7 40. Kf1 Bd7
41. Bd5 Bb6 42. Ra8 Rxa8 43. Bxa8 Bc5 44. Bd5 Kf6 45. f4 Bb5+ 46. Bc4 Bc6 47.
Ke2 Be4 48. Be3 Bd6 49. fxg5+ hxg5 50. Bd3 Bc6 51. Bd4+ Ke6 52. Bc4+ Ke7 53. h4
gxh4 54. gxh4 Be8 55. Kf2 Bg6 56. Be2 Ke6 57. h5 Bh7 58. Bc4+ Ke7 59. Kf3 Kd7
60. Bf6 Kc6 61. Bf7 Bf8 62. Bg6 Bg8 63. Bxf5 Bh6 64. Be7 Bd2 65. Bf8 1-0